Quizzes
Events
Quiz Creation
Community
Videos
Private Events
Remove Ads
Sign In
Join for FREE
Feedback
Dark Mode
Quiz Categories
Sports
Geography
Music
Movies
Television
Just For Fun
Miscellaneous
History
Literature
Language
Science
Gaming
Entertainment
Religion
Holiday
For Kids
Quiz Lab
Recent
Popular Today
Quiz Kudos Today
Editor Picks
Curator Picks
Quizzes by...
Day
Popularity
Type
Ratings
Length
Year
Community
Subscriptions
Recent Discussions
Orange Saloon
Badges
Playlists
Quests
Create
Leaderboards
Showdown
Live 5
Trivia Bingo
Activity
Puzzle Library
Sporcle Events
Private Events
Virtual Trivia
Globe League
Become a Host
Pub Owners
SporcleCon
Opinionation
Our Games
Videos
Blog
Mobile Apps
Partnerships
Remove Ads and Go Orange
Feedback
Movies
Disney
Marvel Cinematic Universe
Movie Resume
Movie Titles
Oscar
Actor
Actress
Director
Pixar
Role
Movie Quotes
Movie Characters
Box Office
Nominee
Best Picture
Star Wars
James Bond
Horror Movies
Movies
Disney
Marvel Cinematic Universe
Movie Resume
Movie Titles
Oscar
Actor
Actress
Director
Pixar
Role
Movie Quotes
Movie Characters
Box Office
Nominee
Best Picture
Star Wars
James Bond
Horror Movies
Random Quiz
Search Sporcle
×
Quiz Lab
Quiz Lab
Movies
Movie Quotes
Click on answers out of a set of options
Click on answers out of a set of options
Multiple Choice
Best Score? Go Orange.
Ultimate Showgirls Stats
How well do you know the camp classic Showgirls?
By
vervain3
15m
33 Questions
193 Plays
193 Plays
193 Plays
Comments
Comments
Give Quiz Kudos
Give Quiz Kudos
-
- Ratings
hide this ad
Random Order
Randomize order of answers
Randomize order of answers
Replay
Link that replays current quiz
Next Quiz
Link to next quiz in quiz playlist
You Got
0%
They Got
Avg Score
73%
Avg Friend Score
Upgrade to see
Score Distribution
Jump to the score distribution portion of the page
Score
0/33
Timer
15:00
0
Plays Today
Question
Answer
Wrong Answers
Which luxury clothing brand does Nomi mispronounce?
Versace
88.6%
Dolce & Gabbana
1%
Hermes
2.1%
Chanel
3.1%
During her routine, Henrietta Bazoom wears a dress that...
Exposes her breasts
86%
Blows bubbles
2.6%
Fires confetti
2.6%
Lights up
3.6%
What does Marty Jacobsen repeatedly shout at Nomi during the final round of the
Goddess
audition?
'Thrust it!'
85.5%
'More sex!'
4.1%
'Give it to me!'
5.2%
'Work!'
1%
In the hospital scene, what does Cristal ask Nomi for?
A kiss
82.9%
Forgiveness
5.2%
Money
2.6%
The truth
4.1%
Tony Moss cuts a dancer from the audition because...
Her ears stick out
82.9%
She's too old
3.6%
She rejects his advances
6.7%
She's too short
2.1%
Nomi has a special talent for...
Doing nails
81.9%
Designing clothes
10.4%
Writing
2.1%
Cooking
1.6%
What strip club does Nomi dance at?
Cheetahs
81.3%
Vixens
5.7%
Pinky's
4.1%
Xposure
5.2%
What city is Nomi hitchhiking toward at the end of the film?
Los Angeles
81.3%
New York
6.7%
Chicago
2.6%
Houston
4.7%
Who does Molly have a crush on?
Andrew Carver
79.3%
James Smith
3.1%
Zack Carey
7.3%
Cristal Connors
6.7%
Who does Nomi violently attack?
Andrew Carver
79.3%
Zack Carey
7.8%
Phil Newkirk
5.2%
Al Torres
2.6%
What does Cristal offer Nomi before they rehearse?
Cocaine
78.8%
Ice
6.7%
Sex
5.7%
A cigarette
3.6%
Where does Nomi meet James?
The Crave club
78.2%
Caesars Palace
6.7%
A dance audition
3.6%
On the street
7.3%
Goddess
is housed at which former casino resort?
Stardust
77.7%
Sands
5.2%
Riviera
7.3%
Sahara
5.2%
Nomi gives Zack a lap dance for...
$500
77.7%
$400
5.2%
$300
5.2%
$200
6.7%
Nomi spits in whose face?
Zack Carey
74.6%
James Smith
4.1%
Cristal Connors
5.7%
Tony Moss
10.9%
What does Nomi do when she first meets Molly?
Throws up
74.1%
Flirts with her
8.3%
Dances aggressively
6.7%
Steals her purse
5.7%
Nomi's real name is revealed to be...
Polly
74.1%
Amber
9.3%
Rachel
8.8%
Candi
3.1%
What does Cristal break after being pushed down the stairs?
Her hip
73.6%
Her neck
17.1%
Her nose
2.6%
Her nails
3.6%
Zack's swimming pool features neon lights in the shape of...
Palm trees
73.1%
Flamingoes
10.9%
Fish
3.6%
Stars
7.3%
Mama Henrietta says Nomi looks as good as...
A ten-inch dick
73.1%
A million dollars
6.7%
An all-you-can-eat buffet
11.9%
She did when she was younger
3.6%
Who does James replace Nomi with in his dance number?
Penny
72%
Cristal
14%
Molly
4.7%
Annie
5.7%
Where does Cristal take Nomi for lunch?
Spago
71.5%
Emeril's
8.3%
Planet Hollywood
8.8%
Burger King
7.8%
Cristal's understudy Annie Is forced to quit the show after injuring her...
Knee
71%
Back
6.2%
Ankle
11.9%
Neck
7.3%
Al introduces new dancer Penny as...
Hope
68.4%
Heather
13%
Tiffany
7.3%
Faith
5.7%
Who introduces Nomi to Cristal?
Molly Abrams
67.4%
Zack Carey
11.9%
Andrew Carver
10.4%
Phil Newkirk
5.2%
What does Gay tell Nomi to never do onstage?
Cry
66.3%
Fart
6.7%
Feel ashamed
9.8%
Be afraid
11.9%
Where is Cristal's hometown?
Del Rio, Texas
66.3%
Decatur, Georgia
6.7%
Tuscaloosa, Alabama
8.8%
Tucson, Arizona
13%
The monkeys stink up the backstage area because their handler feeds them...
Garlic
66.3%
Hot dogs
14%
Onions
6.2%
Broccoli
9.3%
Who bails Nomi out of jail?
James
62.9%
Molly
14.5%
Zack
12.4%
Al
7.5%
Who does Zack tell to apologize to Nomi?
Phil Newkirk
61.7%
Cristal Connors
9.8%
Andrew Carver
12.4%
Tony Moss
11.9%
James tells Nomi she does what when she dances?
Burns
58.1%
Shines
19.9%
Embarrasses herself
11.3%
Kills
5.9%
Who throws costume beads onto the stage?
Julie
56%
Nicky
16.1%
Nomi
11.4%
Molly
11.9%
Which dancer accompanies Nomi at the boat show?
Nicky
52.3%
Julie
21.2%
Annie
13.5%
Gay
8.3%
Quiz Playlist
Details
Report
Send in Message
Add To Playlist
Multiple Choice:
Click on answers out of a set of options
Random Order:
Randomize order of answers
Last Updated: Oct 11, 2018
Quiz Scoreboard
CHALLENGE
Sign Up to Join the Scoreboard
Show All
Scores
Hide
Comments
May contain spoilers
Recently Published
College Basketball Coaching Resumes
by pancakes188
Sports
9m
Billboard Blitz: Fleetwood Mac
by CooCooCachoo
Music
15s
Presidents Visiting Landmarks
by Hejman
History
7m
More to Explore
Quiz From the Vault
Featured Blog Post
Where Did the Easter Bunny Come From?
hide this ad
You Might Also Like...
Tags
Movie Quotes Quiz
1990s
1995
Exotic
flop
Flops Ever
Hilarious Movie
Las Vegas
Movie Moments
Nudity
Sexy
Worst Picture
Today's Top Quizzes in Movies
Browse Movies
hide this ad
Today's Top Quizzes in Movie Quotes
Browse Movie Quotes
Top Contributed Quizzes in Movies
1
Pick 5 Posters: Directed by Spielberg
2
7-to-1: Pixar Characters
3
Pick 5 Posters: Lowest-Rated Spielberg
4
Pick 5 Posters: Directed by Scorsese
5
Sorting Actors
6
Sorting Actresses
7
Pick 5 Posters: Star & Director
8
Pick 5 Posters: Women Directed 2020s
9
12 Movies about Fictional 1960s Events
10
Multi-Oscar Nominations, One Movie, One Winner
Explore More
Trending Topics
Harry Potter
Anime
Disney
NBA
Kpop
Marvel
Crossword
Puzzle
Soccer
NFL
Pokémon
WWE
Country
The Office
Song
hide this ad
More By:
vervain3
Quiz
Plays
Rating
Category
Featured
Created
Ultimate Goonies
4,171
4.75
Movies
Aug 15, 2017
Riverdale Season 1
4,040
3.33
Television
Jan 23, 2019
Ultimate The Shining
3,315
5.00
Movies
Sep 22, 2017
Ultimate Beetlejuice
2,687
5.00
Movies
Sep 21, 2017
Disney Runway Shoes I
2,686
4.80
Just For Fun
Jan 17, 2019
Go to Creator's Profile
Score Distribution
Quiz Creator Spotlight
vervain3
Follow
Send a Message
Quizzes Created
-
Created Quiz Play Count
-
More By This Creator
Popular Quizzes Today
1
Find the US States - No Outlines Minefield
2
Find the Countries of Europe - No Outlines Minefield
3
The Countries of the World
4
Find the US States
5
Risky Map Clicking: Biggest States A-Z
6
US States
7
Popular People in 1961
8
Movies - When Are They Set?
More Movies Quizzes
20 One-Word Movie Titles About Fictional People II
Quiz Lab
Trending Quizzes
Risky Map Clicking: Least Populous States A-Z
1-10 Letter G Words
1-10 Letter F Words
Risky Map Clicking: Next State Alphabetically
Click the Washington State Counties! (Map)
Recently Updated
Leaping Animals
pecheneg
Reality TV Shows (A-Z)
bhenderson79
Rickey Henderson's Hall of Fame Teammates
pecheneg
Champions League XIs: Arsenal
pecheneg
Quick Pick: Celebrities in WWE's Hall of Fame
aduchscher
A-Z Keypad Blitz II
pecheneg
Multiple Oscar Actors
pecheneg
Mystery Phrase Blitz: Oscar 'Best Actors'
pecheneg
F. Scott Fitzgerald Novels
LTH
Pick 3 Villains
ddd62291
Trending Topics
NBA
Disney
Kpop
Marvel
Anime
Crossword
Harry Potter
Song
The Office
Pokémon
Soccer
NFL
WWE
Puzzle
Country
Your Account Isn't Verified!
In order to create a playlist on Sporcle, you need to verify the email address you used during registration. Go to your
Sporcle Settings
to finish the process.
Report this User
Report this user for behavior that violates our
Community Guidelines
.
Details:
Send Report
Go to the Sporcle.com Mobile Site →
Comments